000 02299ngm a2200397 4500
003 dpl
005 20091113114444.0
007 DVD
008 ||||||sp199 xxu|||||c ||| 00| 0 ng d
010 _aDVD-004578-4583
024 _c49.00
035 _aDVD-004578-4583
040 _aDPL
_cDPL
082 _aDVD / EKCH
245 _aEk Chalis Ki Last Local
_cBharat Shah Presents
_h[videorecording] DVD/
260 _bMoserbaer Entertainment
300 _a1 videodisc DVD;
_bsd., col. ;
_c4 3/4 in.
_fDVD
440 _aMoserbaer Home Entertainment
500 _aMoserbaer India Ltd. has obtained the necessary licence/conssent from the owner of the copyright in the wroks for making this DVD Film.
538 _aDolby Digital 5.1 - Hindi Subtitles: English
650 _aMotion Picture
700 _aKhanduri, Sanjay
700 _aVijayasri, C.
700 _aMehboob
700 _aTewari, Ankur
700 _aDeol, Abhay
700 _aDuphia, Neha
942 _cCF
_2ddc
_hDVD
_mEKCH
999 _c31751
_d31751